[Event "European Blitz 2022"]
[Site "Katowice POL"]
[Date "2022.12.16"]
[Round "8.4"]
[White "Sargsyan, Shant"]
[Black "Seo, Jung Min"]
[Result "1/2-1/2"]
[WhiteTitle "GM"]
[BlackTitle "IM"]
[WhiteElo "2645"]
[BlackElo "2502"]
[WhiteFideId "13306766"]
[BlackFideId "1734687"]
[EventDate "2022.12.16"]

1. d4 Nf6 2. Nf3 d5 3. c4 e6 4. Nc3 c5 5. Bg5 cxd4 6. Nxd4 Be7 7. e3 O-O 8. Be2
dxc4 9. Bxc4 Bd7 10. O-O Nc6 11. Nf3 Rc8 12. Qe2 Nd5 13. Bxd5 Bxg5 14. Nxg5 Qxg5
15. Bf3 Rfd8 16. Rac1 Qe7 17. g3 Be8 18. Bg2 Nb8 19. h4 Bc6 20. Ne4 Nd7 21. Rfd1
Bxe4 22. Bxe4 Nf6 23. Rxc8 Rxc8 24. Bf3 g6 25. Kg2 h5 26. Rd2 Kg7 27. Qb5 b6 28.
Qe5 Qc7 29. Qd4 Qc5 30. Qa4 Qc7 31. b4 Qc3 32. Re2 a5 33. bxa5 bxa5 34. Qb5 Rc5
35. Qb7 Rc7 36. Qb6 Qc5 37. Qb8 Rc8 38. Qb2 Qc3 39. Qb5 Rc5 40. Qb6 Qb4 41. Qxb4
axb4 42. Rb2 Ra5 43. Be2 Ne4 44. Bc4 Nd6 45. Bb3 Kf6 46. Rc2 Rb5 47. Rc6 Ke7 48.
Rc7+ Kf8 49. f3 Nb7 50. Kf2 Na5 51. e4 Nxb3 52. axb3 f5 53. Ke3 e5 54. exf5 gxf5
55. Rh7 Rc5 56. Ke2 f4 57. Rxh5 fxg3 58. Rg5 Rc3 59. Rxg3 Rxb3 60. Rg5 Rb1 61.
Rxe5 b3 62. Rb5 b2 63. Kd2 Rf1 64. Rxb2 Rf2+ 65. Kc3 Rxf3+ 66. Kd4 Rf4+ 67. Ke5
Rxh4 68. Kf6 Rh6+ 69. Kg5 Ra6 1/2-1/2

[Event "European Blitz 2022"]
[Site "Katowice POL"]
[Date "2022.12.16"]
[Round "8.5"]
[White "Yuffa, Daniil"]
[Black "Abdrlauf, Elham"]
[Result "1/2-1/2"]
[WhiteTitle "GM"]
[BlackTitle "IM"]
[WhiteElo "2587"]
[BlackElo "2518"]
[WhiteFideId "24131423"]
[BlackFideId "1533533"]
[EventDate "2022.12.16"]

1. d4 Nf6 2. c4 e6 3. g3 d5 4. Bg2 dxc4 5. Nf3 c5 6. O-O Nc6 7. dxc5 Qxd1 8.
Rxd1 Bxc5 9. Nbd2 c3 10. bxc3 O-O 11. Nb3 Be7 12. c4 Bd7 13. Bb2 Rac8 14. Nfd4
Nxd4 15. Bxd4 b6 16. Bxf6 Bxf6 17. Rxd7 Bxa1 18. Nxa1 Rxc4 19. Nb3 a5 20. Bf3
Rc2 21. a4 Rc4 22. Rb7 Rxa4 23. Rxb6 Rb4 24. Rxb4 axb4 25. Kf1 Rc8 26. e3 Rc3
27. Bd1 g5 28. Ke2 Kg7 29. Kd2 Rc8 30. Nd4 Kf6 31. h3 h6 32. Ba4 Rc3 33. Bd1 Rc7
34. Bb3 Rc8 35. Nc2 Rb8 36. Kd3 Rd8+ 37. Ke2 Rc8 38. Kd2 Rd8+ 39. Kc1 h5 40. Nd4
e5 41. Nc2 Kg7 42. Ba4 Ra8 43. Bb3 f6 44. Bd5 Rb8 45. Kb2 f5 46. Kb3 f4 47. Nxb4
fxg3 48. fxg3 Rf8 49. Nd3 Rf1 50. Kc4 Rg1 51. g4 hxg4 52. hxg4 Rxg4+ 53. Kc5 Kf6
54. Nf2 Rg1 55. Ne4+ Kf5 56. Nd6+ Kg6 57. Nc4 Kf6 58. Kd6 g4 59. Nxe5 g3 60. Nf3
Rf1 61. Nh4 Rf2 62. e4 Kg5 63. e5 Kxh4 64. e6 Re2 65. e7 Kg5 66. Kd7 Re5 67.
e8=Q Rxe8 68. Kxe8 1/2-1/2

[Event "European Blitz 2022"]
[Site "Katowice POL"]
[Date "2022.12.16"]
[Round "8.6"]
[White "Samunenkov, Ihor"]
[Black "Lagarde, Maxime"]
[Result "0-1"]
[WhiteTitle "IM"]
[BlackTitle "GM"]
[WhiteElo "2488"]
[BlackElo "2584"]
[WhiteFideId "14187086"]
[BlackFideId "662399"]
[EventDate "2022.12.16"]

1. d4 f5 2. Bg5 g6 3. Nc3 Nh6 4. h4 Nf7 5. Bf4 Bg7 6. Nf3 d6 7. d5 c6 8. h5 e5
9. dxe6 Bxe6 10. Nd4 Qe7 11. hxg6 hxg6 12. Rxh8+ Bxh8 13. Qd2 Nd7 14. O-O-O Nde5
15. e4 fxe4 16. Nxe4 O-O-O 17. Qa5 Kb8 18. Nxe6 Qxe6 19. Kb1 Rd7 20. Ng5 Nxg5
21. Bxg5 Qg4 22. Qd2 Nf7 23. Bf4 Be5 24. Be3 d5 25. f4 Bc7 26. Qe2 Qxe2 27. Bxe2
Re7 28. Bd3 Rxe3 29. Bxg6 Nd6 30. f5 Ne4 31. a3 Be5 32. Rh1 Rg3 33. Rh7 Rxg2 34.
Re7 Bf6 35. Rf7 a5 36. a4 Bd4 37. c3 Be5 38. Re7 Bf6 39. Rf7 b5 40. axb5 cxb5
41. Rd7 b4 42. Rxd5 bxc3 43. Rb5+ Kc7 44. Rxa5 c2+ 0-1

[Event "European Blitz 2022"]
[Site "Katowice POL"]
[Date "2022.12.16"]
[Round "8.7"]
[White "Ziska, Helgi Dam"]
[Black "Gavrilescu, David"]
[Result "0-1"]
[WhiteTitle "GM"]
[BlackTitle "IM"]
[WhiteElo "2546"]
[BlackElo "2522"]
[WhiteFideId "7200595"]
[BlackFideId "1227190"]
[EventDate "2022.12.16"]

1. e4 e6 2. d3 d5 3. Qe2 Nc6 4. Nf3 e5 5. c3 Nf6 6. b4 dxe4 7. dxe4 Bd6 8. Qc2
O-O 9. Bc4 Bg4 10. Nbd2 a5 11. b5 Ne7 12. h3 Bd7 13. a4 c6 14. O-O Rc8 15. Qb3
Ng6 16. Re1 Qe7 17. Nf1 Bc5 18. Ra2 Rfe8 19. Ng5 Nh8 20. Ng3 h6 21. Nf3 Be6 22.
Nxe5 Qd6 23. Bf4 Bxc4 24. Qxc4 Rxe5 25. Bxe5 Qxe5 26. Nf5 cxb5 27. Qxb5 Nxe4 28.
Qxb7 Qxf5 29. Qxe4 Qf6 30. Qb7 Rd8 31. Rc2 Ng6 32. Qb5 Qg5 33. Kh2 Qf5 34. Re8+
Rxe8 35. Qxe8+ Kh7 36. Re2 Bd6+ 37. g3 h5 38. Qe4 Qf6 39. Qd5 h4 40. Qh5+ Kg8
41. Re8+ Nf8 42. Kg2 hxg3 43. fxg3 Qxc3 44. Qf3 Qc2+ 45. Qe2 Qxa4 46. h4 Qb3 47.
Re3 Qd5+ 48. Kh3 Ne6 49. Qd3 Qxd3 50. Rxd3 Bc5 51. Rd7 a4 52. Rb7 a3 53. Rb8+
Kh7 54. Ra8 Nd4 55. Ra5 Bb4 56. Ra4 Nc2 57. Kg4 Bd6 58. Ra6 Be5 59. Ra5 Bb2 60.
Ra4 Nb4 61. Rxb4 a2 0-1

[Event "European Blitz 2022"]
[Site "Katowice POL"]
[Date "2022.12.16"]
[Round "8.8"]
[White "Krzyzanowski, Marcin"]
[Black "Donchenko, Alexander"]
[Result "0-1"]
[WhiteTitle "GM"]
[BlackTitle "GM"]
[WhiteElo "2538"]
[BlackElo "2636"]
[WhiteFideId "1132199"]
[BlackFideId "24603295"]
[EventDate "2022.12.16"]

1. Nf3 Nf6 2. c4 e6 3. g3 d5 4. Bg2 dxc4 5. Qa4+ Bd7 6. Qxc4 c5 7. Ne5 Qc8 8.
O-O Nc6 9. Nxd7 Qxd7 10. b3 Be7 11. Bb2 O-O 12. d3 Rac8 13. Qc2 Nd4 14. Qd2 Rfd8
15. Rd1 b6 16. Nc3 h6 17. Rac1 Qe8 18. e3 Nc6 19. Qe2 Qd7 20. f4 Nd5 21. Nxd5
exd5 22. Qh5 d4 23. Bh3 Qd6 24. Bxc8 Rxc8 25. e4 Nb4 26. a3 Na2 27. Rc2 Qe6 28.
Qf5 Qxf5 29. exf5 Bf6 30. Re1 Kf8 31. Kg2 Nc3 32. Kf3 Nd5 33. Rce2 Nc3 34. Rc2
Nd5 35. Re4 Ne3 36. Rc1 Nxf5 37. g4 Nd6 38. Re2 Nb5 39. Rg1 Nc3 40. Ree1 Bh4 41.
Rc1 Re8 42. Bxc3 Re3+ 43. Kg2 dxc3 44. Rxc3 Bf6 45. Rc2 Rxd3 46. b4 Bd4 47. Re1
Rxa3 48. bxc5 Bxc5 49. Rce2 g6 50. h4 a5 51. g5 hxg5 52. hxg5 Kg7 53. Re8 Ra2+
54. Kf3 Rh2 55. Rd8 Rh8 56. Rd7 a4 57. Re4 Ra8 58. Re2 a3 59. Ra2 Ra4 60. Kg4
Be3 61. Rd3 Bc1 62. Rf3 Bb2 63. Rf2 Rb4 64. Rf3 Kf8 65. Kg3 Ke7 66. Kf2 Rd4 67.
Rb3 Rxf4+ 68. Kg3 Rf5 69. Rxb6 Rxg5+ 70. Kf3 Rf5+ 71. Ke4 Kf8 72. Ra6 Kg7 73.
Ra7 Rf1 74. Ke3 g5 75. Ra5 f6 76. Ke2 Rf4 77. Ke3 Kg6 78. Ra8 Rb4 79. Kf3 f5 80.
Ra6+ Kh5 81. Ra5 Rb3+ 82. Kg2 Kg4 83. Ra4+ f4 84. Kf2 Rc3 85. Rb4 Rc2+ 86. Kf1
Kg3 87. Rb3+ f3 88. Rbxa3 Rc1# 0-1

[Event "European Blitz 2022"]
[Site "Katowice POL"]
[Date "2022.12.16"]
[Round "8.9"]
[White "Moroni, Luca Jr"]
[Black "Nasuta, Grzegorz"]
[Result "1-0"]
[WhiteTitle "GM"]
[BlackTitle "GM"]
[WhiteElo "2576"]
[BlackElo "2546"]
[WhiteFideId "865834"]
[BlackFideId "1141686"]
[EventDate "2022.12.16"]

1. d4 d5 2. Nf3 Nf6 3. c3 c6 4. Qc2 Bg4 5. Ne5 Be6 6. Bf4 Nbd7 7. Nf3 g6 8. h3
h6 9. Nbd2 Bf5 10. Qb3 Qb6 11. g4 Be4 12. e3 e6 13. Nxe4 Nxe4 14. Bd3 Bg7 15.
Bxe4 dxe4 16. Nd2 e5 17. dxe5 Nc5 18. Qxb6 axb6 19. Ke2 O-O 20. Rhd1 Rfe8 21. b4
Na4 22. Nxe4 Bxe5 23. Kf3 Bxf4 24. Nf6+ Kf8 25. Nxe8 Nxc3 26. Rd3 Be5 27. Nd6
Nd5 28. Rb1 Bxd6 29. e4 Be5 30. exd5 cxd5 31. Rxd5 Ra3+ 32. Rb3 Rxb3+ 33. axb3
Bc3 34. Rb5 Bd4 35. Rd5 Bc3 36. Rd7 Bxb4 37. Rxb7 Bc5 38. Ke2 Kg7 39. f3 Kf6 40.
f4 Ke6 41. Kf3 h5 42. gxh5 gxh5 43. Ke4 Kf6 44. b4 Bg1 45. Rc7 Bf2 46. Rc6+ Kg7
47. Kd5 Bg1 48. Kc4 Be3 49. f5 f6 50. Kb5 Kh6 51. Rxf6+ Kg5 52. Rxb6 Kxf5 53.
Rc6 Kg5 54. Rc3 Bd4 55. Rd3 Bf2 56. Kc6 Kf4 57. b5 Ke4 58. Rb3 1-0

[Event "European Blitz 2022"]
[Site "Katowice POL"]
[Date "2022.12.16"]
[Round "8.10"]
[White "Costachi, Mihnea"]
[Black "Piorun, Kacper"]
[Result "0-1"]
[WhiteTitle "IM"]
[BlackTitle "GM"]
[WhiteElo "2476"]
[BlackElo "2611"]
[WhiteFideId "1217518"]
[BlackFideId "1130420"]
[EventDate "2022.12.16"]

1. d4 d6 2. Nf3 Nf6 3. g3 g6 4. Bg2 Bg7 5. O-O O-O 6. b3 b5 7. Bb2 Bb7 8. c4
bxc4 9. bxc4 Nbd7 10. Nbd2 Rb8 11. Rb1 e6 12. Qa4 c5 13. Qxa7 Qc7 14. Bc3 Qc8
15. Rb2 Ne4 16. Nxe4 Bxe4 17. Rxb8 Nxb8 18. Qa3 cxd4 19. Nxd4 Bxg2 20. Kxg2 Qxc4
21. e3 Nc6 22. Rd1 Nxd4 23. Bxd4 Qd5+ 24. Kg1 e5 25. e4 Qxe4 26. Bb6 d5 27. Qc5
d4 28. a4 h5 29. Qa3 h4 30. Qd3 Qc6 31. a5 e4 32. Qe2 d3 33. Qg4 hxg3 34. hxg3
f5 35. Qg5 Kf7 36. Rc1 Qf6 37. Qf4 Kg8 38. Rc7 Qa1+ 39. Kg2 Be5 40. Qh6 Bxc7 41.
Bxc7 Qg7 42. Qf4 d2 43. Be5 d1=Q 44. Bxg7 Qf3+ 45. Qxf3 exf3+ 0-1

[Event "European Blitz 2022"]
[Site "Katowice POL"]
[Date "2022.12.16"]
[Round "8.11"]
[White "Plichta, Kamil"]
[Black "Hovhannisyan, Robert"]
[Result "1/2-1/2"]
[WhiteTitle "FM"]
[BlackTitle "GM"]
[WhiteElo "2394"]
[BlackElo "2597"]
[WhiteFideId "1141830"]
[BlackFideId "13302507"]
[EventDate "2022.12.16"]

1. d4 d5 2. Bg5 f6 3. Bd2 Nc6 4. c4 dxc4 5. e3 Be6 6. Nc3 Nh6 7. Nge2 Bf7 8. Nf4
e5 9. d5 Nb4 10. Ne6 Bxe6 11. dxe6 Nd3+ 12. Bxd3 Qxd3 13. Qa4+ c6 14. O-O-O Qd6
15. Qxc4 Be7 16. e4 Qb4 17. Qxb4 Bxb4 18. Bxh6 gxh6 19. Rd7 Bc5 20. Rxb7 O-O-O
21. Rf7 Rdf8 22. Rd1 Rxf7 23. exf7 Rf8 24. Rd3 Rxf7 25. Rf3 Kd7 26. Rh3 Bxf2 27.
Kd1 Bd4 28. Rxh6 Bxc3 29. bxc3 Kd6 30. Kc2 Kc5 31. Rh3 Kc4 32. Rf3 h5 33. g3 c5
34. Rf5 h4 35. g4 Rd7 36. Rf3 a5 37. a4 Rd6 38. h3 Rb6 39. Re3 Rb3 40. Rf3 Rb6
41. Re3 Rb8 42. Rf3 Rb3 43. Re3 Rb7 44. Rf3 Rb6 45. Re3 Rc6 46. Rf3 Rd6 47. Re3
Rd7 48. Rf3 Rd8 49. Re3 Re8 50. Rf3 Re6 51. Re3 Rd6 52. Rf3 Rb6 53. Re3 1/2-1/2

[Event "European Blitz 2022"]
[Site "Katowice POL"]
[Date "2022.12.16"]
[Round "8.12"]
[White "Cherniaiev, Tykhon"]
[Black "Livaic, Leon"]
[Result "0-1"]
[WhiteTitle "FM"]
[BlackTitle "GM"]
[WhiteElo "2330"]
[BlackElo "2572"]
[WhiteFideId "14182360"]
[BlackFideId "14531534"]
[EventDate "2022.12.16"]

1. Nf3 d5 2. d4 Nf6 3. c4 e6 4. g3 dxc4 5. Bg2 c6 6. O-O b5 7. b3 cxb3 8. Qxb3
Bb7 9. a4 a6 10. axb5 cxb5 11. Nc3 Be7 12. Re1 O-O 13. Ba3 Bxa3 14. Qxa3 Nc6 15.
Qb3 Na5 16. Qb4 Nc4 17. e4 Rc8 18. Rac1 Qa5 19. Qb3 Qa3 20. Qb1 Rfd8 21. Re2 Nb6
22. Ra2 Qe7 23. e5 Nfd5 24. Ne4 Rxc1+ 25. Qxc1 Rc8 26. Nc5 Nd7 27. Rc2 Nb4 28.
Rd2 Nxc5 29. dxc5 Bd5 30. Ne1 Qxc5 31. Qd1 h6 32. Bxd5 Nxd5 33. Rc2 Qf8 34. Nd3
Rxc2 35. Qxc2 a5 36. Qc6 Qb8 37. Nc5 b4 38. Nd7 Qd8 39. Nc5 Kh7 40. Nb7 Qb8 41.
Nc5 b3 42. Na4 b2 43. Qc2+ Kg8 44. Nxb2 Qxe5 45. Nc4 Qe1+ 46. Kg2 Qb4 47. Ne5
Qc3 48. Qe4 Qc7 49. Nd3 Qa7 50. Qa4 Nb6 51. Qe8+ Kh7 52. Ne5 Qa8+ 53. Qxa8 Nxa8
54. Nc4 a4 55. Kf3 Nb6 56. Na3 Kg6 57. Ke4 Nd5 58. Kd4 Kf5 59. f3 g5 60. Nc4 Nb4
61. Ne3+ Kf6 62. Kc4 Nd5 63. Nc2 h5 64. Kb5 g4 65. fxg4 hxg4 66. Kxa4 Kf5 67.
Kb3 Ke4 68. Kc4 Ne3+ 69. Nxe3 Kxe3 70. Kc5 e5 71. Kd6 e4 72. Ke7 Kf3 73. Kxf7 e3
74. Kg6 e2 75. Kg5 e1=Q 76. Kh4 Qe7+ 77. Kh5 Qh7+ 78. Kg5 Qxh2 79. Kf5 Qxg3 80.
Kg6 Qe5 81. Kh6 Kf4 82. Kg6 Qe6+ 83. Kg7 Kg5 84. Kh8 Qe7 85. Kg8 Kg6 86. Kh8
Qf8# 0-1

[Event "European Blitz 2022"]
[Site "Katowice POL"]
[Date "2022.12.16"]
[Round "8.13"]
[White "Psyk, Radoslaw"]
[Black "Tazbir, Marcin"]
[Result "0-1"]
[BlackTitle "GM"]
[WhiteElo "2438"]
[BlackElo "2508"]
[WhiteFideId "1182838"]
[BlackFideId "1122452"]
[EventDate "2022.12.16"]

1. e4 c6 2. d4 d5 3. Nd2 dxe4 4. Nxe4 Nf6 5. Nxf6+ gxf6 6. c3 Bf5 7. Nf3 Nd7 8.
g3 Qa5 9. Bg2 Qa6 10. Bf1 Qa5 11. Bg2 Qb5 12. a4 Qd3 13. Qxd3 Bxd3 14. Bf4 O-O-O
15. O-O-O Be4 16. Ne1 Bd5 17. Kc2 Nb6 18. b3 Bxg2 19. Nxg2 Nd5 20. Bd2 e6 21.
Rhe1 c5 22. c4 Nb6 23. a5 Nd7 24. d5 exd5 25. cxd5 Bd6 26. Ne3 Ne5 27. Bc3 Rhe8
28. Nc4 Bb8 29. f4 Nf3 30. Rxe8 Rxe8 31. Kd3 f5 32. Rf1 Nxh2 33. Rh1 Ng4 34.
Rxh7 Rd8 35. Rxf7 Rxd5+ 36. Ke2 Bc7 37. Rf8+ Kd7 38. Ra8 b5 39. axb6 axb6 40.
Ra7 Kc6 41. Nd2 Rd8 42. Nf3 Re8+ 43. Kd2 Re3 44. Nh4 Rxg3 45. Nxf5 Bxf4+ 46. Kc2
Ne3+ 47. Nxe3 Rxe3 48. Rf7 Bd6 49. Rf6 Kd5 50. Rh6 Rf3 51. Rh5+ Ke4 52. Rh4+ Bf4
53. Rh7 Rf2+ 54. Kb1 b5 55. Rd7 Be3 56. Bg7 Bd4 57. Bf8 Rf3 58. Kc2 Rc3+ 59. Kd2
Rxb3 60. Re7+ Kd5 61. Rd7+ Kc4 62. Kc1 Rf3 63. Bh6 Kd3 64. Kb1 Rf1+ 65. Bc1 Kc4
66. Kc2 Rf2+ 67. Kb1 Kb3 68. Ra7 Rf1 69. Ra3+ Kb4 70. Rd3 Kc4 71. Rg3 b4 72. Rh3
b3 73. Rh2 Be3 74. Rh4+ Kb5 75. Kb2 Bxc1+ 76. Kxb3 Rf3+ 77. Kc2 Be3 78. Kd3 Bd4+
79. Kc2 Kc4 80. Kb1 Kb3 81. Rh1 Rg3 0-1

[Event "European Blitz 2022"]
[Site "Katowice POL"]
[Date "2022.12.16"]
[Round "8.14"]
[White "Fridman, Daniel"]
[Black "Petrovskyi, Vadym"]
[Result "0-1"]
[WhiteTitle "GM"]
[BlackTitle "FM"]
[WhiteElo "2602"]
[BlackElo "2402"]
[WhiteFideId "11600454"]
[BlackFideId "14165210"]
[EventDate "2022.12.16"]

1. d4 Nf6 2. Nf3 e6 3. g3 b6 4. Bg2 Bb7 5. c4 Be7 6. O-O O-O 7. d5 exd5 8. Nd4
Bc6 9. Nc3 dxc4 10. e4 Re8 11. e5 Bxg2 12. Kxg2 Na6 13. Bf4 Nc5 14. exf6 Bxf6
15. Ndb5 Ne6 16. Be3 a6 17. Nd4 Nc5 18. Qc2 d5 19. Rad1 Nd3 20. Nde2 d4 21. Nb1
Qd5+ 22. Kg1 dxe3 23. Nf4 exf2+ 24. Rxf2 Qe4 25. Nd2 Qb7 26. Nxd3 cxd3 27. Qxd3
Rad8 28. Qf3 Qxf3 29. Rxf3 Re2 0-1

[Event "European Blitz 2022"]
[Site "Katowice POL"]
[Date "2022.12.16"]
[Round "8.15"]
[White "Kazakouski, Valery"]
[Black "Kuzmicz, Krystian"]
[Result "1-0"]
[WhiteTitle "GM"]
[BlackTitle "IM"]
[WhiteElo "2539"]
[BlackElo "2466"]
[WhiteFideId "13507443"]
[BlackFideId "1119125"]
[EventDate "2022.12.16"]

1. Nf3 g6 2. d4 Bg7 3. g3 c5 4. d5 e5 5. Nc3 d6 6. e4 Ne7 7. Nd2 O-O 8. Nc4 a6
9. a4 f5 10. Bg5 Bf6 11. Bxf6 Rxf6 12. Be2 Nd7 13. Qd2 Nb6 14. Na3 Bd7 15. a5
Nbc8 16. Nc4 f4 17. h4 Rb8 18. Rg1 Kg7 19. g4 g5 20. hxg5 Rg6 21. f3 b5 22. axb6
Nxb6 23. b3 Nxc4 24. Bxc4 a5 25. Rh1 Qb6 26. Na4 Qb4 27. Nb2 Qxd2+ 28. Kxd2 Ra8
29. Be2 Nc8 30. Ra3 Rxg5 31. Rha1 a4 32. Nxa4 h5 33. gxh5 Rxh5 34. Nb2 Rxa3 35.
Rxa3 Kf6 36. Ra1 Rh2 37. Nd3 Ke7 38. Rg1 Kd8 39. Ke1 Nb6 40. c4 Kc7 41. Nf2 Rh8
42. Rh1 Ra8 43. Bd1 Ra2 44. Nd3 Nc8 45. Rf1 Ne7 46. Rf2 Ng6 1-0

[Event "European Blitz 2022"]
[Site "Katowice POL"]
[Date "2022.12.16"]
[Round "8.16"]
[White "Kowalski, Igor"]
[Black "Klekowski, Maciej"]
[Result "1-0"]
[WhiteTitle "IM"]
[BlackTitle "GM"]
[WhiteElo "2344"]
[BlackElo "2477"]
[WhiteFideId "1172468"]
[BlackFideId "1132717"]
[EventDate "2022.12.16"]

1. d4 Nf6 2. Nf3 e6 3. g3 d5 4. Bg2 Be7 5. O-O O-O 6. c4 c6 7. Qd3 Nbd7 8. Nbd2
b6 9. e4 Ba6 10. e5 dxc4 11. Nxc4 Nd5 12. h4 c5 13. Ng5 g6 14. b3 Rc8 15. Rd1
Qc7 16. h5 Bxg5 17. Bxg5 cxd4 18. Qxd4 Qc5 19. Bxd5 exd5 20. Qxd5 Bxc4 21. Qxd7
Qxe5 22. Bf4 Qxh5 23. bxc4 Rxc4 24. Qd5 Qxd5 25. Rxd5 Ra4 26. Rd7 Kg7 27. Be5+
Kh6 28. Kg2 Kg5 29. Bg7 Rc8 30. Rxf7 Rc2 31. Rh1 h5 32. Bf6+ Kf5 33. Re1 g5 34.
Bd8+ Kg6 35. Rf6+ Kg7 36. Rf5 g4 37. Rg5+ Kf7 38. Re7+ Kf8 39. Rxh5 Kg8 40. Rg5+
Kf8 41. Rf5+ Kg8 42. Rff7 Raxa2 43. Bc7 b5 44. Be5 Re2 45. Rg7+ Kf8 46. Rgf7+
Kg8 47. Bd6 Rxe7 48. Rxe7 a5 49. Re4 b4 50. Rxg4+ Kf7 51. Bxb4 axb4 52. Rxb4 Ke6
53. g4 Kf6 54. Kg3 Kg6 55. f3 Ra1 56. Rb6+ Kf7 57. g5 Ra4 58. f4 Ra1 59. Kg4 Ra5
60. g6+ Kg7 61. f5 Kh6 62. Rb7 Ra4+ 63. Kf3 Kg5 64. g7 Ra8 65. Rf7 Rg8 66. f6
Kg6 67. Rf8 Kh7 68. Kf4 1-0

[Event "European Blitz 2022"]
[Site "Katowice POL"]
[Date "2022.12.16"]
[Round "8.17"]
[White "Ondozi, Murtez"]
[Black "Alonso Rosell, Alvar"]
[Result "0-1"]
[WhiteTitle "FM"]
[BlackTitle "GM"]
[WhiteElo "2406"]
[BlackElo "2561"]
[WhiteFideId "937576"]
[BlackFideId "2270544"]
[EventDate "2022.12.16"]

1. d4 Nf6 2. c4 e6 3. Nf3 d5 4. Nc3 Bb4 5. Qc2 dxc4 6. Qa4+ Nc6 7. Ne5 Bd7 8.
Nxc6 Bxc3+ 9. bxc3 Bxc6 10. Qxc4 O-O 11. f3 Nh5 12. g3 f5 13. Bg2 Qd7 14. Qd3
Rad8 15. O-O e5 16. Bb2 exd4 17. cxd4 f4 18. g4 Nf6 19. e4 fxe3 20. Qxe3 Nd5 21.
Qf2 Nf4 22. Rad1 Qd5 23. Bc1 Bb5 24. Rfe1 Nd3 25. f4 Qd7 26. Rxd3 Bxd3 27. f5
Qxd4 28. Qxd4 Rxd4 29. h3 c6 30. Be3 Ra4 31. Bc5 Rb8 32. a3 Rc4 33. Bxa7 Ra8 34.
Bb6 Kf8 35. Re3 Rxa3 36. Kh2 Rc2 37. Kg3 Rb3 38. Bd4 Bc4 39. Rxb3 Bxb3 40. h4
Bd5 41. Bf1 c5 42. Be5 c4 43. g5 c3 44. f6 gxf6 45. gxf6 Rc1 46. Be2 c2 47. Bh5
Rg1+ 48. Kf2 c1=Q 0-1

[Event "European Blitz 2022"]
[Site "Katowice POL"]
[Date "2022.12.16"]
[Round "8.18"]
[White "Keinanen, Toivo"]
[Black "Fus, Jakub"]
[Result "1-0"]
[WhiteTitle "IM"]
[BlackTitle "FM"]
[WhiteElo "2508"]
[BlackElo "2405"]
[WhiteFideId "509825"]
[BlackFideId "1193023"]
[EventDate "2022.12.16"]

1. d4 e6 2. g3 Nf6 3. Bg2 d5 4. Nf3 Be7 5. c4 O-O 6. Nc3 c6 7. O-O a5 8. b3 b6
9. Nd2 Bb7 10. e4 Na6 11. Bb2 Rc8 12. Re1 Qc7 13. Rc1 Qb8 14. exd5 cxd5 15. cxd5
Qa8 16. Nc4 Rcd8 17. Nxb6 Qa7 18. Nc4 Nxd5 19. Nxa5 Nxc3 20. Bxc3 Bxg2 21. Kxg2
Ba3 22. Rc2 Nb4 23. Bxb4 Bxb4 24. Nc6 Qa8 25. Re3 Rd7 26. Qf3 Bd6 27. d5 exd5
28. Qxd5 Qb7 29. Rd3 g6 30. h4 Re8 31. Qf3 Bf8 32. Na5 Qa7 33. Rxd7 Qxd7 34. Nc4
Bg7 35. Nb6 Qe6 36. Nd5 Rd8 37. Nf4 Qf5 38. Re2 h6 39. Qe4 Qc8 40. Nd5 Qd7 41.
Nf4 Qc8 42. h5 g5 43. Nd5 Qd7 44. Ne7+ Kf8 45. Nf5 Kg8 46. a4 Rc8 47. Ne7+ 1-0

[Event "European Blitz 2022"]
[Site "Katowice POL"]
[Date "2022.12.16"]
[Round "8.19"]
[White "Mitusov, Semen"]
[Black "Pultinevicius, Paulius"]
[Result "1-0"]
[WhiteTitle "IM"]
[BlackTitle "GM"]
[WhiteElo "2397"]
[BlackElo "2561"]
[WhiteFideId "14151049"]
[BlackFideId "12809390"]
[EventDate "2022.12.16"]

1. e4 c6 2. d4 d5 3. e5 Bf5 4. h4 h5 5. Bg5 Qb6 6. Bd3 Qxd4 7. Nf3 Qg4 8. Bxf5
Qxf5 9. c4 Qe4+ 10. Be3 dxc4 11. Nbd2 Qd5 12. Rc1 b5 13. O-O e6 14. b3 cxb3 15.
Nxb3 Qxd1 16. Rfxd1 Ba3 17. Rc2 Ne7 18. Na5 O-O 19. Nd4 Rd8 20. Rb1 a6 21. Rb3
c5 22. Nxe6 fxe6 23. Rxa3 c4 24. Nb7 Rd1+ 25. Kh2 Nbc6 26. Nc5 Nxe5 27. Rxa6
Rxa6 28. Nxa6 Ng4+ 29. Kg3 Nf5+ 30. Kf4 Nfxe3 31. fxe3 Rd3 32. Rb2 Rxe3 33. Rxb5
e5+ 34. Kf5 e4 35. Rc5 c3 36. Nb4 Nf6 37. a4 Rg3 38. a5 e3 39. a6 e2 40. Re5
Rxg2 41. a7 Rf2+ 42. Ke6 Kh7 43. a8=Q Ng4 44. Qe4+ Kh6 45. Rg5 Rf6+ 46. Ke7 Nf2
47. Qxe2 Ng4 48. Qd3 Rb6 49. Qxc3 Rb7+ 50. Kd6 Nf6 51. Kc6 Rb8 52. Qd3 Rc8+ 53.
Kb7 Rc7+ 54. Kxc7 Ne8+ 55. Kd8 1-0

[Event "European Blitz 2022"]
[Site "Katowice POL"]
[Date "2022.12.16"]
[Round "8.20"]
[White "Drozdowski, Kacper"]
[Black "Dobrovoljc, Vid"]
[Result "1/2-1/2"]
[WhiteTitle "IM"]
[BlackTitle "FM"]
[WhiteElo "2448"]
[BlackElo "2384"]
[WhiteFideId "1136720"]
[BlackFideId "14609843"]
[EventDate "2022.12.16"]

1. e4 e6 2. d4 d5 3. Nd2 h6 4. Ngf3 Nf6 5. e5 Nfd7 6. Bd3 c5 7. c3 Nc6 8. O-O g5
9. dxc5 Bxc5 10. Nb3 Bf8 11. Re1 Bg7 12. Bb5 a6 13. Bxc6 bxc6 14. h3 O-O 15. c4
dxc4 16. Nbd2 Nb6 17. Ne4 Qxd1 18. Rxd1 Nd7 19. Be3 Nxe5 20. Nxe5 Bxe5 21. Rac1
Bxb2 22. Rxc4 a5 23. h4 gxh4 24. Bxh6 Bg7 25. Nf6+ Bxf6 26. Rg4+ Kh7 27. Bxf8 e5
28. Ra4 Be6 29. Bc5 Bf5 30. Rc1 Be6 31. Bb6 Bd8 32. Bxd8 Rxd8 33. Rxa5 Bd5 34.
a4 Rg8 35. f3 Bxf3 36. Kf2 Bxg2 37. Rxe5 h3 38. Rc4 Rg6 39. Rh4+ Kg7 40. a5 Rf6+
41. Kg3 Rf3+ 42. Kh2 Ra3 43. Rg5+ Kf6 44. Rc5 Ke6 45. Rh6+ Kd7 46. Rf6 Ke7 47.
Rf2 Kd6 48. Rh5 Bd5 49. Rxh3 Rxa5 50. Rh6+ Kc5 51. Kg3 Ra4 52. Rc2+ Kb6 53. Rf6
Re4 54. Rf4 Re3+ 55. Kf2 Rb3 56. Ke2 Kc7 57. Kd2 Kb6 58. Rc3 Rb2+ 59. Rc2 Rb3
60. Rc3 Rb2+ 61. Rc2 1/2-1/2

[Event "European Blitz 2022"]
[Site "Katowice POL"]
[Date "2022.12.16"]
[Round "8.21"]
[White "Alexakis, Dimitris"]
[Black "Trybus, Daniel"]
[Result "1-0"]
[WhiteTitle "IM"]
[WhiteElo "2486"]
[BlackElo "2258"]
[WhiteFideId "4277023"]
[BlackFideId "21816131"]
[EventDate "2022.12.16"]

1. e4 Nf6 2. e5 Nd5 3. d4 d6 4. c4 Nb6 5. f4 Bf5 6. Nc3 e6 7. Be3 Be7 8. Be2 O-O
9. Nf3 d5 10. cxd5 Nxd5 11. Nxd5 Qxd5 12. O-O c5 13. Rc1 Nc6 14. dxc5 Qe4 15.
Qb3 Rfd8 16. Kf2 Nb4 17. Rfd1 Nd5 18. Rd4 Qxe3+ 19. Qxe3 Nxe3 20. Kxe3 Rxd4 21.
Nxd4 Bg6 22. Bf3 Rb8 23. c6 bxc6 24. Nxc6 Rxb2 25. Nxe7+ Kf8 26. Nxg6+ hxg6 27.
Rc8+ Ke7 28. Rc7+ Ke8 29. Bc6+ Kf8 30. Rc8+ 1-0

[Event "European Blitz 2022"]
[Site "Katowice POL"]
[Date "2022.12.16"]
[Round "8.22"]
[White "Kos, Pawel"]
[Black "Navara, David"]
[Result "0-1"]
[BlackTitle "GM"]
[WhiteElo "2234"]
[BlackElo "2684"]
[WhiteFideId "1120085"]
[BlackFideId "309095"]
[EventDate "2022.12.16"]

1. Nf3 d5 2. g3 c6 3. Bg2 Bg4 4. d3 Nf6 5. h3 Bh5 6. c3 Nbd7 7. a3 e5 8. Nfd2 a5
9. a4 Bd6 10. Qc2 O-O 11. b3 Nc5 12. Ba3 Re8 13. g4 Bg6 14. Bxc5 Bxc5 15. e4
dxe4 16. dxe4 Nd5 17. Nc4 b5 18. axb5 cxb5 19. Nca3 b4 20. Nc4 bxc3 21. O-O Nb4
22. Qe2 Bd4 23. Nba3 Nd3 24. Rfd1 Nxf2 25. Rxd4 Nxh3+ 26. Bxh3 exd4 27. Bg2 Rb8
28. Qd3 Rxb3 29. Nxa5 Qxa5 30. Nc2 Qb6 31. Qxd4 Rb1+ 32. Kh2 Qxd4 33. Nxd4 0-1